000 00688nam a2200205 a 4500
001 BRCA_8396
005 20190320210249.0
008 140115s2014----mx-a######---#000-0#spa-#
041 _aspa
044 _amx
050 4 _aN8860
_b.Z66 2014
245 1 0 _aZona MACO. Salón del anticuario.
260 _aMéxico
_bZona MACO. México Arte Contemporáneo
_c2014
300 _a1 v. (sin paginación)
_bil. a color
_c22 cm.
500 _aIncluye directorio de galerías
611 2 4 _aEl Evento de Anticuarios de México
_n1ra. edición
_d25-28 septiembre, 2014
_cMéxico
_921022
650 1 4 _aAnticuarios
_zMéxico
_921023
710 2 _aMACO. México Arte Contemporáneo
_921024
942 _2lcc
_cB
999 _c8064
_d8064